000 00526nam a2200181Ia 4500
008 180921t2001 xxu||||| |||| 00| 0 sin d
041 _asin
080 _a613
_bDAM
100 _aDamsinghe, Sudath
245 _aවෛද්‍ය සංග්‍රහය
246 _aHelth tips for everyday life
260 _bDoctor and media
_c2001
300 _a154p., 21 cm
650 _aHealth
_aCommon diseases
_aPimple
_aCancer
_aDengue
_aPregnancy
942 _cBK
999 _c16613
_d16613
003 LK-CoDNM
040 _aLK-CoDNM
_dLK-CoDNM
_eLK-CoDNM